00686nam a2200217 i 450000100060000000300090000600500170001500700030003200800410003502000180007608000170009408000250011110000290013624501480016525000140031326000350032730000220036270000200038470000310040485200330043510353ES-MaACL20250818063033.0t|950524s1995 sp ||||1| spa d a84-08-01424-2 a84-311.9"18" a84(Verne,J.7 P.03=6)1 aVerne, Jules,d1828-190510aParís en el siglo XX / cJulio Verne ; traducción de Julia Escobar ; prefacio y revisión del texto original por Piero Gondolo della Riva. a[1a ed.]. aBarcelona : bPlaneta, c1995. a182 p. ; c24 cm.1 aEscobar, Julia.1 aDella Riva, Piero Gondolo. aES-MaACLjL-17832 bR.123889